Paises Socialistas - Estadísticas

Estadísticas generales
  • Esta prueba ha sido intentada 110 veces
  • La puntuación promedio es 4 de 5
Estadísticas de respuestas
Numero Pais % Correcto
3 Cuba
91%
2 Corea del Norte
90%
1 China
86%
5 Vietnam
70%
4 Laos
58%
No se encontraron pruebas coincidentes
Distribución de puntuación
Porcentaje de gente con cada puntuación
Porcentaje por número respondido
Historial de tus puntuaciones
No has intentado esta prueba.